000 00344nam a2200121Ia 4500
008 220217s9999||||xx |||||||||||||| ||und||
082 _a894.814 1 PRA
100 _aPrabhupada, Bakthivedanta Swamy
_93721
245 0 _aBhagavadgeeta as it is
260 _aBakthivedanta book trust
_bMumbai
_c1986
300 _b150
650 _aGENERAL BOOKS
999 _c172442
_d172442